Clubs ayant remporté la Ligue des champions plusieurs fois - Statistiques

Statistiques générales
  • Ce quiz a été pris 38 fois
  • Le résultat moyen est 14 sur 14
Statistiques - réponses
Championnat Réponse % Correct
7 AC Milan
100%
4 Ajax Amsterdam
100%
6 Bayern Munich
100%
2 Chelsea
100%
5 FC Barcelone
100%
2 FC Porto
100%
3 Inter Milan
100%
2 Juventus Turin
100%
6 Liverpool
100%
3 Manchester United
100%
2 Paris Saint-Germain
100%
15 Real Madrid
100%
2 SL Benfica
97%
2 Nottingham Forest
94%
Aucun quiz correspondant
Distribution des résultats
% des personnes avec chaque résultat
Percentile par nombre de réponses
Votre historique - résultats
Vous n’avez pas pris ce quiz